Princeton review cracking the new SAT (Record no. 174874)
[ view plain ]
| 000 -LEADER | |
|---|---|
| fixed length control field | 00329nam a2200133Ia 4500 |
| 008 - FIXED-LENGTH DATA ELEMENTS--GENERAL INFORMATION | |
| fixed length control field | 231217s9999 xx 000 0 und d |
| 041 ## - LANGUAGE CODE | |
| Language code of text/sound track or separate title | English |
| 082 ## - DEWEY DECIMAL CLASSIFICATION NUMBER | |
| Classification number | 620.076 ROB1;1 R |
| 100 ## - MAIN ENTRY--PERSONAL NAME | |
| Personal name | Robinson, AdamKatzman, John |
| 245 #0 - TITLE STATEMENT | |
| Title | Princeton review cracking the new SAT |
| 260 ## - PUBLICATION, DISTRIBUTION, ETC. | |
| Date of publication, distribution, etc. | 2004 |
| 300 ## - PHYSICAL DESCRIPTION | |
| Extent | x+632 |
| 942 ## - ADDED ENTRY ELEMENTS (KOHA) | |
| Koha item type | Books |
| Date last seen | Total checkouts | Full call number | Accession number | Cost, total (INR) price | Price effective from | Category | Lost status | Damaged status | Department | Withdrawn status | Home library | Current library | Shelving location | Entry date | Vendor | Cost, normal purchase price | Grants | Billnumber | Billdate | Currency symbol | Conversion rate | Discount | Old discount |
|---|---|---|---|---|---|---|---|---|---|---|---|---|---|---|---|---|---|---|---|---|---|---|---|
| 26/01/2024 | 620.076 ROB1;1 R | 34719 | 316.00 | 26/01/2024 | Books | F-Block Annex | Central Library | Central Library | F-Block Library Annex | 24/05/2005 | Sapna Book House | 395.00 | GEN | 27805 | 11/04/2003 | RS | 1 | 79 | 20 | ||||
| 26/01/2024 | 620.076 ROB1;2 R1 | 34720 | 316.00 | 26/01/2024 | Books | F-Block Annex | Central Library | Central Library | F-Block Library Annex | 24/05/2005 | Sapna Book House | 395.00 | GEN | 27805 | 11/04/2003 | RS | 1 | 79 | 20 |
